<?xml version="1.0" encoding="UTF-8"?>
<record
    xmlns:xsi="http://www.w3.org/2001/XMLSchema-instance"
    xsi:schemaLocation="http://www.loc.gov/MARC21/slim http://www.loc.gov/standards/marcxml/schema/MARC21slim.xsd"
    xmlns="http://www.loc.gov/MARC21/slim">

  <leader>01060nas a2200229 a 4500</leader>
  <datafield tag="999" ind1=" " ind2=" ">
    <subfield code="c">17102</subfield>
    <subfield code="d">17102</subfield>
  </datafield>
  <controlfield tag="005">20180517072520.0</controlfield>
  <controlfield tag="008">960719c199u9999ck  r p r     0  0a0spa d</controlfield>
  <datafield tag="022" ind1=" " ind2=" ">
    <subfield code="a">1657-3498</subfield>
  </datafield>
  <datafield tag="040" ind1=" " ind2=" ">
    <subfield code="a">hm </subfield>
    <subfield code="c">hm</subfield>
    <subfield code="d">CO-BoIAVH</subfield>
  </datafield>
  <datafield tag="041" ind1="0" ind2=" ">
    <subfield code="a">spa</subfield>
  </datafield>
  <datafield tag="044" ind1=" " ind2=" ">
    <subfield code="a">ck</subfield>
  </datafield>
  <datafield tag="090" ind1=" " ind2=" ">
    <subfield code="a">SE</subfield>
  </datafield>
  <datafield tag="245" ind1="0" ind2="0">
    <subfield code="a">Revista Universidad del Choc&#xF3; / </subfield>
    <subfield code="c">Universidad Tecnol&#xF3;gica del Choc&#xF3; Diego Luis C&#xF3;rdoba</subfield>
  </datafield>
  <datafield tag="260" ind1=" " ind2=" ">
    <subfield code="a">Quibd&#xF3; (Choc&#xF3;, Colombia) : </subfield>
    <subfield code="b">Universidad Tecnol&#xF3;gica del Choc&#xF3; Diego Luis C&#xF3;rdoba, </subfield>
    <subfield code="c">[199-].</subfield>
  </datafield>
  <datafield tag="300" ind1=" " ind2=" ">
    <subfield code="b">ilustraciones ; </subfield>
    <subfield code="c">25 cm.</subfield>
  </datafield>
  <datafield tag="610" ind1="2" ind2="0">
    <subfield code="a">Universidad Tecnol&#xF3;gica del Choc&#xF3;  Diego Luis C&#xF3;rdoba </subfield>
    <subfield code="c">(Quibd&#xF3;)</subfield>
    <subfield code="x">Actividades</subfield>
    <subfield code="v">Publicaciones peri&#xF3;dicas</subfield>
    <subfield code="9">91202</subfield>
  </datafield>
  <datafield tag="650" ind1="2" ind2="6">
    <subfield code="a">Biodiversidad</subfield>
    <subfield code="x">Investigaci&#xF3;n</subfield>
    <subfield code="z">Choc&#xF3; (Departamento, Colombia)</subfield>
    <subfield code="v">Publicaciones peri&#xF3;dicas</subfield>
  </datafield>
  <datafield tag="650" ind1="2" ind2="6">
    <subfield code="a">Medio ambiente</subfield>
    <subfield code="z">Choc&#xF3; (Departamento, Colombia)</subfield>
    <subfield code="v">Publicaciones peri&#xF3;dicas</subfield>
  </datafield>
  <datafield tag="650" ind1="2" ind2="6">
    <subfield code="a">Sociolog&#xED;a rural</subfield>
    <subfield code="z"> Colombia.</subfield>
    <subfield code="v">Publicaciones peri&#xF3;dicas</subfield>
  </datafield>
  <datafield tag="710" ind1="2" ind2=" ">
    <subfield code="a">Universidad Tecnol&#xF3;gica del Choc&#xF3;  Diego Luis C&#xF3;rdoba </subfield>
    <subfield code="c">(Quibd&#xF3;)</subfield>
  </datafield>
  <datafield tag="942" ind1=" " ind2=" ">
    <subfield code="2">z</subfield>
    <subfield code="c">REVISTA</subfield>
  </datafield>
  <datafield tag="952" ind1=" " ind2=" ">
    <subfield code="0">0</subfield>
    <subfield code="1">0</subfield>
    <subfield code="2">z</subfield>
    <subfield code="4">0</subfield>
    <subfield code="7">0</subfield>
    <subfield code="8">HEMEROTECA</subfield>
    <subfield code="A">2002</subfield>
    <subfield code="C">17</subfield>
    <subfield code="I">INV2017</subfield>
    <subfield code="a">Bogota</subfield>
    <subfield code="b">Bogota</subfield>
    <subfield code="d">2003-04-29</subfield>
    <subfield code="e">Desconocido</subfield>
    <subfield code="h">N&#xFA;mero 17 (01/12/2002)</subfield>
    <subfield code="l">0</subfield>
    <subfield code="o">SE</subfield>
    <subfield code="p">009881</subfield>
    <subfield code="r">2015-03-25 00:00:00</subfield>
    <subfield code="t">Ej. 1</subfield>
    <subfield code="w">2015-03-25</subfield>
    <subfield code="x">Donacion</subfield>
    <subfield code="y">REVISTA</subfield>
  </datafield>
  <datafield tag="952" ind1=" " ind2=" ">
    <subfield code="0">0</subfield>
    <subfield code="1">0</subfield>
    <subfield code="2">z</subfield>
    <subfield code="4">0</subfield>
    <subfield code="7">0</subfield>
    <subfield code="8">HEMEROTECA</subfield>
    <subfield code="A">2003</subfield>
    <subfield code="C">18</subfield>
    <subfield code="I">INV2017</subfield>
    <subfield code="a">Bogota</subfield>
    <subfield code="b">Bogota</subfield>
    <subfield code="d">2004-06-29</subfield>
    <subfield code="e">Cordoba, Sergio</subfield>
    <subfield code="h">N&#xFA;mero 18 (01/06/2003)</subfield>
    <subfield code="l">0</subfield>
    <subfield code="o">SE</subfield>
    <subfield code="p">016215</subfield>
    <subfield code="r">2015-03-25 00:00:00</subfield>
    <subfield code="t">Ej. 1</subfield>
    <subfield code="w">2015-03-25</subfield>
    <subfield code="x">Donacion</subfield>
    <subfield code="y">REVISTA</subfield>
  </datafield>
  <datafield tag="952" ind1=" " ind2=" ">
    <subfield code="0">0</subfield>
    <subfield code="1">0</subfield>
    <subfield code="2">z</subfield>
    <subfield code="4">0</subfield>
    <subfield code="7">0</subfield>
    <subfield code="8">HEMEROTECA</subfield>
    <subfield code="A">2005</subfield>
    <subfield code="C">22</subfield>
    <subfield code="I">INV2017</subfield>
    <subfield code="a">Bogota</subfield>
    <subfield code="b">Bogota</subfield>
    <subfield code="d">2007-10-30</subfield>
    <subfield code="h">N&#xFA;mero 22 (01/06/2005)</subfield>
    <subfield code="l">0</subfield>
    <subfield code="o">SE</subfield>
    <subfield code="p">025402</subfield>
    <subfield code="r">2015-03-25 00:00:00</subfield>
    <subfield code="t">Ej. 1</subfield>
    <subfield code="w">2015-03-25</subfield>
    <subfield code="x">Donacion</subfield>
    <subfield code="y">REVISTA</subfield>
  </datafield>
  <datafield tag="952" ind1=" " ind2=" ">
    <subfield code="0">0</subfield>
    <subfield code="1">0</subfield>
    <subfield code="2">z</subfield>
    <subfield code="4">0</subfield>
    <subfield code="7">0</subfield>
    <subfield code="8">HEMEROTECA</subfield>
    <subfield code="A">2005</subfield>
    <subfield code="C">23</subfield>
    <subfield code="I">INV2017</subfield>
    <subfield code="a">Bogota</subfield>
    <subfield code="b">Bogota</subfield>
    <subfield code="d">2007-10-30</subfield>
    <subfield code="h">N&#xFA;mero 23 (01/12/2005)</subfield>
    <subfield code="l">0</subfield>
    <subfield code="o">SE</subfield>
    <subfield code="p">025403</subfield>
    <subfield code="r">2015-03-25 00:00:00</subfield>
    <subfield code="t">Ej. 1</subfield>
    <subfield code="w">2015-03-25</subfield>
    <subfield code="x">Donacion</subfield>
    <subfield code="y">REVISTA</subfield>
  </datafield>
  <datafield tag="952" ind1=" " ind2=" ">
    <subfield code="0">0</subfield>
    <subfield code="1">0</subfield>
    <subfield code="2">z</subfield>
    <subfield code="4">0</subfield>
    <subfield code="7">0</subfield>
    <subfield code="8">HEMEROTECA</subfield>
    <subfield code="A">2006</subfield>
    <subfield code="C">24</subfield>
    <subfield code="I">INV2017</subfield>
    <subfield code="a">Bogota</subfield>
    <subfield code="b">Bogota</subfield>
    <subfield code="d">2007-10-30</subfield>
    <subfield code="h">N&#xFA;mero 24 (01/06/2006)</subfield>
    <subfield code="l">0</subfield>
    <subfield code="o">SE</subfield>
    <subfield code="p">025404</subfield>
    <subfield code="r">2015-03-25 00:00:00</subfield>
    <subfield code="t">Ej. 1</subfield>
    <subfield code="w">2015-03-25</subfield>
    <subfield code="x">Donacion</subfield>
    <subfield code="y">REVISTA</subfield>
  </datafield>
  <datafield tag="952" ind1=" " ind2=" ">
    <subfield code="0">0</subfield>
    <subfield code="1">0</subfield>
    <subfield code="2">z</subfield>
    <subfield code="4">0</subfield>
    <subfield code="7">0</subfield>
    <subfield code="8">HEMEROTECA</subfield>
    <subfield code="A">2006</subfield>
    <subfield code="C">25</subfield>
    <subfield code="I">INV2017</subfield>
    <subfield code="a">Bogota</subfield>
    <subfield code="b">Bogota</subfield>
    <subfield code="d">2007-10-30</subfield>
    <subfield code="h">N&#xFA;mero 25 (01/12/2006)</subfield>
    <subfield code="l">0</subfield>
    <subfield code="o">SE</subfield>
    <subfield code="p">025405</subfield>
    <subfield code="r">2015-03-25 00:00:00</subfield>
    <subfield code="t">Ej. 1</subfield>
    <subfield code="w">2015-03-25</subfield>
    <subfield code="x">Donacion</subfield>
    <subfield code="y">REVISTA</subfield>
  </datafield>
  <datafield tag="952" ind1=" " ind2=" ">
    <subfield code="0">0</subfield>
    <subfield code="1">0</subfield>
    <subfield code="2">z</subfield>
    <subfield code="4">0</subfield>
    <subfield code="7">0</subfield>
    <subfield code="8">HEMEROTECA</subfield>
    <subfield code="A">2007</subfield>
    <subfield code="C">26</subfield>
    <subfield code="I">INV2017</subfield>
    <subfield code="a">Bogota</subfield>
    <subfield code="b">Bogota</subfield>
    <subfield code="d">2008-04-16</subfield>
    <subfield code="h">N&#xFA;mero 26 (01/06/2007)</subfield>
    <subfield code="l">0</subfield>
    <subfield code="o">SE</subfield>
    <subfield code="p">025832</subfield>
    <subfield code="r">2015-03-25 00:00:00</subfield>
    <subfield code="t">Ej. 1</subfield>
    <subfield code="w">2015-03-25</subfield>
    <subfield code="x">Donacion</subfield>
    <subfield code="y">REVISTA</subfield>
  </datafield>
  <datafield tag="952" ind1=" " ind2=" ">
    <subfield code="0">0</subfield>
    <subfield code="1">0</subfield>
    <subfield code="2">z</subfield>
    <subfield code="4">0</subfield>
    <subfield code="7">0</subfield>
    <subfield code="8">HEMEROTECA</subfield>
    <subfield code="A">2007</subfield>
    <subfield code="B">26</subfield>
    <subfield code="C">2</subfield>
    <subfield code="I">INV2017</subfield>
    <subfield code="a">Bogota</subfield>
    <subfield code="b">Bogota</subfield>
    <subfield code="d">2008-04-16</subfield>
    <subfield code="h">Vol 26, Nro 2 (01/12/2007)</subfield>
    <subfield code="l">0</subfield>
    <subfield code="o">SE</subfield>
    <subfield code="p">025833</subfield>
    <subfield code="r">2015-03-25 00:00:00</subfield>
    <subfield code="t">Ej. 1</subfield>
    <subfield code="w">2015-03-25</subfield>
    <subfield code="x">Donacion</subfield>
    <subfield code="y">REVISTA</subfield>
  </datafield>
</record>
